| 000 | 01191nam a2200325 i 4500 | ||
|---|---|---|---|
| 003 | EG-GICUC | ||
| 005 | 20260303125209.0 | ||
| 008 | 260303s1983 ua ||||fr|||| 000 0 ara d | ||
| 017 | _a1983/2165 | ||
| 020 | _a977-02-0363-7 | ||
| 040 |
_a EG-GICUC _bara _c EG-GICUC _d EG-GICUC _erda |
||
| 041 | 0 | _aara | |
| 082 | 0 | 4 |
_221 _a341,44 _bو ز . م |
| 092 | 0 | 4 | _221 |
| 099 | _aLaw1 11 1983 341,44 و ز . م | ||
| 110 | 1 |
_aجمهورية مصر العربية : _bوزارة الخارجية ، _eمؤلف. |
|
| 245 | 1 | 0 |
_aمصر ونهر النيل / _cصادر عن وزارة الخارجية المصرية. |
| 264 | 3 |
_aالقاهرة : _bدار المعارف ، _c١٩٨٣ . |
|
| 300 |
_a151؛ صفحة _c24 سم _bإيضاحيات، صور، مثيليات ؛ |
||
| 336 |
_2rda content _atext |
||
| 337 |
_2rda media _aComputer |
||
| 338 |
_2rda carrier _aOnline Resource |
||
| 504 | _aيشتمل على ارجاعات ببليوجرافية. | ||
| 546 | _aالنص باللغة العربية | ||
| 650 | 1 | 4 |
_aنهر النيل _2qrmak _zمصر |
| 651 | 1 | _2qrmak | |
| 856 | 4 | 0 | _uhttps://fll.law.cu.edu.eg/fulltext/bks/B11-04094.pdf |
| 905 | _a76 | ||
| 942 |
_2ddc _cBK _e21 _n0 |
||
| 999 |
_c64719 _d64719 |
||